000 00560nam a22001937a 4500
003 KOHA_MİRAKIL
005 20251116121724.0
008 251116b tu ||||| |||| 00| 0 tur d
020 _a9786053265634
040 _aTR-AnABB
_btur
_cTR-AnABB
041 _atur
082 _a814.42
_bRAM 2022
100 1 _aRamazanoğlu, Yıldız,
245 1 0 _aPapağanlar panayırlar hasatlar /
_cYıldız Ramazanoğlu
260 _aİstanbul :
_bİz Yayıncılık,
_c2022
300 _a136 sayfa ;
_c21 cm
650 0 4 _aTürk edebiyatı, roman
942 _2ddc
_cBK
999 _c9407
_d9407
900 _bGizem YORULMAZ